| Tag |
First Indicator |
Second Indicator |
Subfields |
| LEADER |
00000cas a2200000 4500 |
| 001 |
in00000318213 |
| 005 |
20151010155539.0 |
| 008 |
780328d19771980mauar1 r 0uuua0eng d |
| 010 |
|
|
|a sc 79002567
|
| 012 |
|
|
|a 2
|
| 022 |
0 |
|
|a 0191-2682
|
| 035 |
|
|
|a (OCoLC)03756510
|
| 035 |
|
|
|9 ABJ3670AM
|
| 040 |
|
|
|a YUS
|c YUS
|d DLC
|d NSD
|d NST
|d DLC
|d OCL
|d NST
|d IUL
|d TXA
|d UtOrBLW
|
| 042 |
|
|
|a lc
|a nsdp
|
| 049 |
|
|
|a TXAE
|
| 090 |
|
|
|a HD20.15.U5
|b B7
|
| 100 |
1 |
|
|a Bricker, George W.
|
| 222 |
|
0 |
|a Bricker's international directory of university-sponsored executive development programs
|
| 245 |
1 |
0 |
|a Bricker's international directory of university-sponsored executive development programs.
|
| 264 |
|
1 |
|a South Chatham, Mass. :
|b Bricker Publications.
|
| 300 |
|
|
|a 4 volumes ;
|c 28 cm.
|
| 336 |
|
|
|a text
|b txt
|2 rdacontent
|
| 337 |
|
|
|a unmediated
|b n
|2 rdamedia
|
| 338 |
|
|
|a volume
|b nc
|2 rdacarrier
|
| 362 |
0 |
|
|a 1977-1980.
|
| 650 |
|
0 |
|a Executives
|x Training of
|z United States
|x Directories.
|
| 650 |
|
0 |
|a Management
|x Study and teaching
|z United States
|x Directories.
|
| 780 |
0 |
0 |
|a Bricker, George W.
|t Bricker's international directory of university-sponsored executive development programs including marketing management programs
|x 0191-2992
|w (DLC)sc 79002506
|w (OCoLC)978190
|
| 785 |
0 |
0 |
|t Bricker's international directory
|w (OCoLC)7086448
|
| 948 |
|
|
|a t4
|
| 999 |
|
|
|a MARS
|
| 999 |
f |
f |
|s 5bc96af6-2153-328d-abfd-96515fada699
|i b9405ddf-e348-3392-8521-7dcf99ae37cd
|t 0
|
| 952 |
f |
f |
|p storage
|a Texas A&M University
|b J.J. Pickle Campus
|c High Density Repository
|d Remote Storage
|t 0
|e HD20.15.U5 B7
|h Library of Congress classification
|i unmediated -- volume
|l 1977
|m A14830683186
|
| 952 |
f |
f |
|p storage
|a Texas A&M University
|b J.J. Pickle Campus
|c High Density Repository
|d Remote Storage
|t 0
|e HD20.15.U5 B7
|h Library of Congress classification
|i unmediated -- volume
|l 1979
|m A14830683267
|
| 952 |
f |
f |
|p storage
|a Texas A&M University
|b J.J. Pickle Campus
|c High Density Repository
|d Remote Storage
|t 0
|e HD20.15.U5 B7
|h Library of Congress classification
|i unmediated -- volume
|l 1980
|m A14830683306
|
| 952 |
f |
f |
|p storage
|a Texas A&M University
|b J.J. Pickle Campus
|c High Density Repository
|d Remote Storage
|t 0
|e HD20.15.U5 B7
|h Library of Congress classification
|i unmediated -- volume
|l 1978
|m A14830683225
|
| 998 |
f |
f |
|a HD20.15.U5 B7
|s 1977-1980
|t 0
|l Remote Storage
|